10 größte Städte Portugal - Statistiken

Allgemein
  • Dieses Quiz wurde 28 mal gespielt
  • Das Durchschnittsergebnis liegt bei 5 aus 10
Antwortstatistiken
Einwohner Antwort % Korrekt
546.000 Lissabon
96%
232.000 Porto
96%
147.000 Braga
85%
107.000 Coimbra
50%
106.000 Funchal
50%
98.000 Setúbal
35%
171.000 Amadora
31%
81.000 Aveiro
23%
188.000 Vila Nova de Gaia
19%
81.000 Viseo
0%
Keine übereinstimmenden Quizze gefunden
Verteilung der Resultate
Anzahl Personen mit jedem Resultat
Perzentil nach korrekt beantworteten Fragen
Ihre Resultats-Entwicklung
Sie haben dieses Quiz noch nicht gespielt